1278 1109 1974 1063 1819 1866 1749 1865 1614 1966 1077 1964 1853 1899 1586 1959 1445 1906 1097 1821 1090 1390 1527 1353 1565 1606 1440 1380 1483 1448 1157 1934 1474 1020 1808 1486 1527 1736 1131 1196 1407 1339 1372 1138 2000 1924 1992 1759 1696 1036 1621 1400 1399 1202 1225 1227 1201 1479 1287 1427 1204 1442 1208 1662 1981 1407 1222 1750 1944 1152 1350 1802 1947 1123 1900 1519 1903 1299 1163 1014 1661 1745 1228 1504 1446 1341 1035 1347 1424 1214 1021 1427 1695 1034 1688 1001 1470 1231 1241 BCNSPRNW ULIB Ver.6.0+V

เปลี่ยนเป็นภาษาไทย

Change to English
 แสดงรายละเอียดบรรณานุกรม
  กลับหน้าหลัก

Brief Record : Get Marc (ISO 2709) : E-mail record : QR code < ปิดหน้าต่าง
LEADER : 00000nam 2200000uu 4500
001    13399120693
003     ULIB
008    121004s2542||||th 000 0 tha d
020    ^a9748317005
060  4 ^aWT120^bบ194ผ 2542
100 0  ^aบรรลุ ศิริพานิช
245 00 ^aผู้สูงอายุไทย/^cบรรลุ ศิริพานิช
250    ^aพิมพ์ครั้งที่ 1
260    ^aกรุงเทพฯ:^bหมอชาวบ้าน,^c2542
650  7 ^aผู้สูงอายุ^xสรีรวิทยา
650  7 ^aผู้สูงอายุ^xสุขภาพ
650  7 ^aผู้สูงอายุ^xคำนิยาม
650  7 ^aผู้สูงอายุ^xความก้าวหน้าทางวิทยาศาสตร์
945    ^p0^l0^i014363
995    ^aกัณชพร
999 ^a ใช้งานได้ทุกระบบ
รายการนี้ยังไม่มีแท็ก
คุณยังไม่ได้ล็อกอิน คุณสามารถมีกิจกรรมร่วมกับเว็บไซต์ได้ แต่ต้องล็อกอินก่อน ::
  ล็อกอิน

รายการสื่อสารสนเทศ

ลำดับที่ ประเภท เลขเรียก/บาร์โค้ด สถานที่ สถานะ
1. หนังสือสำรอง
หนังสือสำรอง
WT120 บ194ผ 2542  
  Barcode: 014363
ห้องสมุดวิทยาเขตสวรรค์ประชารักษ์
►หนังสือทั่วไป
บนชั้น

รายการใกล้เคียง
    ผู้แต่ง [บรรลุ ศิริพานิช]

BibComment


ยังไม่เคยถูกคอมเมนท์

คอมเมนท์ทรัพยากรรายการนี้
  คอมเมนท์: ผู้สูงอายุไทย บร..


 Copyright 2026. Bcnsprnw @Library